| 000 | 00785nam a2200193Ia 4500 | ||
|---|---|---|---|
| 008 | 151121s9999||||xx |||||||||||||| ||und|| | ||
| 082 | _a780/गर्ग | ||
| 082 | _bHNW-58542 | ||
| 100 | _aगर्ग बाळकृष्ण-गर्ग मुकेश | ||
| 245 | _aसंगीत आलाप-तान अंक | ||
| 260 | _b"संगीत कार्यालय, हाथरस,उत्तरप्रदेश" | ||
| 260 | _c-- | ||
| 300 | _a204 | ||
| 600 | _aगर्ग बाळकृष्ण-गर्ग मुकेश | ||
| 630 | _aसंगीत आलाप-तान अंक | ||
| 700 | _aगर्ग बाळकृष्ण-गर्ग मुकेश | ||
| 730 | _aसंगीत आलाप-तान अंक | ||
| 942 | _cBOOK | ||
| 999 |
_c1240358 _d1240355 |
||